Alabama Starting QBs in the CFP Era - Statistics

General Stats
  • This quiz has been taken 142 times
  • The average score is 6 of 8
Answer Stats
Year(s) # Player % Correct
2022, 2023, 2024 4 Jalen Milroe
96%
2018, 2019 13 Tua Tagovailoa
96%
2016, 2017 2 Jalen Hurts
94%
2021, 2022 9 Bryce Young
91%
2019, 2020 10 Mac Jones
88%
2023 15 Ty Simpson
57%
2014 6 Blake Sims
45%
2015 14 Jake Coker
44%
No matching quizzes found
Score Distribution
Percent of People with Each Score
Percentile by Number Answered
Your Score History
You have not taken this quiz